000 00455nam a22001817a 4500
003 CEME
005 20210628201707.0
008 210201b xxu||||| |||| 00| 0 eng d
020 _a0-09-92541-6
040 _c.
082 _a823.008 DAN
100 _aDann, Colin
_956374
245 _aThe siege of white deer park
260 _aNEW YORK
_bAWARD PUBLICATION
_c1985
300 _a155P
650 _aENGLISH LITERATURE-FICTION
_91857
942 _cBK
_2ddc
999 _c566815
_d566815